• 首页
  • 本馆介绍
  • 公告通知
  • 最新文献
  • 馆藏检索
  • 电子资源
  • 读者导购
  • 参考咨询
  • 我的图书馆
  • 登录
  • 详细信息显示
  • 放入我的书架
  • 预约/预借图书
  • 作者相关作品
  • 分类相关作品
  • 丛书相关作品
  • 出版社相关作品

书目信息

  • 表格格式
  • 工作单格式
  • 卡片格式
题名:
机器奇兵
    
 
作者: 关鸿 编著
分册:  
出版信息: 北京   冶金工业出版社  1996
页数: 195页
开本: 19cm
丛书名: 跨世纪军事畮望丛书
单 册:
中图分类: E919-49 , TP242
科图分类:
主题词: 军用机器人--世界--通俗读物
电子资源:
ISBN: 7-5024-1802-4
000 00834nnam 2200265 45
001 0196015192
005 20061125103743.50
010    @a7-5024-1802-4@dCNY8.80
100    @a19950706d1996 em y0chiy0121 ea
101 0  @achi
102    @aCN@b110000
105    @af z 000yy
200 10 @a机器奇兵@AJI QI QI BING@e世界军用机器人揭秘@ESHI JIE JUN YONG JI QI REN JIE MI@f关 鸿编著@FGUAN HONG BIAN ZHU
210    @a北京@c冶金工业出版社@d1996
215    @a195页@c照片@d19cm
225 2  @a跨世纪军事畮望丛书@e冶金版
410  0 @120010@a跨世纪军事畮望丛书
517 1  @a世界军用机器人揭秘@ASHI JIE JUN YONG JI QI REN JIE MI
540 1  @a机器人@AJI QI REN
606    @a军用机器人@y世界@x通俗读物
690    @aE919-49
690    @aTP242@v3
701  0 @a关鸿@AGUAN HONG@4编著
801  0 @aCN@bTSSF@c20061125
905    @a10447@dTP242@e35
    
    机器奇兵:世界军用机器人揭秘/关 鸿编著.-北京:冶金工业出版社,1996
    195页:照片;19cm.-(跨世纪军事畮望丛书:冶金版)
    
    
    ISBN 7-5024-1802-4:CNY8.80
    
●
相关链接 在E读中查询图书 在五车中查询图书 在当当中查询图书 在豆瓣中查询图书


正题名:机器奇兵     索取号:TP242/35         预约/预借

序号 登录号 条形码 馆藏地/架位号 状态 备注
1 0275253   001328218   第二样本阅览室/ [索取号:TP242/35] 在馆    
唐山师范学院图书馆 欢迎您!
大连网信软件有限公司© 版权所有